00461nam a2200109Ia 4500008004100000050002400041100002400065245013500089260008600224300002900310521001200339140724s9999 xx 000 0 und d aRT 81.5b.D278 2007 ade Guzman, January. 4aThe perception of patients and student nurses on caring towards the development of caring enhancement manual /cJanuary de Guzman. aLas Piñas, Philippines :bSouthville International School and Colleges,cc2007. a128 p. :bill. ;c28 cm. aNursing